01256nam a2200169 a 450000100100000000500170001000800410002704000250006808200160009324500980010926000330020730000250024049000250026550000430029050507280033383000250106100002555420200930023855.0110217s1964 xxu r 000 0 eng d aDO-SdBNPbspacBNPHU axxxxxbE19d00aEconomic development :bevolution or revolution? /cEdición e introducción Laura Randall. aBoston :bD.C. Heath,c1964. axv, 144 p. ;c21 cm.1 aStudies in economics aIncluye notas al pie de las páginas.0 tSocial and economic revolution for the development of backward countries /rJ.E.P. Belshaw.tNationalism and economic development /rYusif Sayigh.tRevolution and economic development /rCarter Goodrich.tBrazil : what kind of revolution? /rCelso Furtado.tLand reform and the Alliance for Progress /rEdmundo Flores.tThe appeal of confiscation in economic development /rMartin Bronfenbrenner.tRevolution by stealth! : the case for sequential reforms /rAlbert O. Hirschman.tPlanning in the underdeveloped countries /rGunnar Myrdal.tPolitical ideology and economic progress : the basic question /rWilfred Malenbaum and Wolfgang Stolper.tEconomic development policies and Argentine economic growth /rLaura Randall. 0aStudies in economics